[Event "Oakham Young Masters"]
[Site "Oakham"]
[Date "1988.03.28"]
[Round "1.17"]
[White "Trabert, Bettina"]
[Black "Brunner, Lucas"]
[Result "0-1"]
[WhiteElo "2230"]
[BlackElo "2415"]
[PlyCount "96"]
[EventDate "1988.03.28"]
[EventType "swiss"]
[EventRounds "9"]
[EventCountry "ENG"]
[Source "John Saunders"]
[SourceDate "2016.01.19"]

1. e4 e6 2. d4 d5 3. exd5 exd5 4. Nc3 Bb4 5. Bd3 Nc6 6. Nge2 Nge7 7. O-O Bf5 8.
Bf4 Bxc3 9. bxc3 O-O 10. c4 Bxd3 11. Qxd3 Qd7 12. Rab1 dxc4 13. Qxc4 Rad8 14.
c3 Nd5 15. Bg3 Rfe8 16. Nf4 Nb6 17. Qd3 Ne5 18. Qc2 Nec4 19. Rbe1 Qa4 20. Qxa4
Nxa4 21. Bh4 f6 22. Ne6 Rd7 23. Nc5 Rxe1 24. Rxe1 Nxc5 25. dxc5 Rd5 26. c6 b6
27. f3 Ne5 28. Bg3 Rc5 29. Re3 Kf7 30. Kf2 Rxc6 31. Bxe5 fxe5 32. Ke2 Rc4 33.
Kd3 Ra4 34. Re2 Ke6 35. Rd2 b5 36. Rb2 c6 37. Rd2 Ra3 38. Rb2 Kd5 39. Kd2 a5
40. Rc2 Kc4 41. h4 h5 42. g3 g6 43. g4 Kd5 44. Kc1 Ra4 45. Rd2+ Ke6 46. Rg2 Rf4
47. Rg3 hxg4 48. fxg4 Rf1+ 0-1

[Event "Oakham Young Masters"]
[Site "Oakham"]
[Date "1988.03.28"]
[Round "1.22"]
[White "Howell, James C"]
[Black "Morris, Philip"]
[Result "1/2-1/2"]
[WhiteElo "2380"]
[BlackElo "2200"]
[PlyCount "92"]
[EventDate "1988.03.28"]
[EventType "swiss"]
[EventRounds "9"]
[EventCountry "ENG"]
[Source "John Saunders"]
[SourceDate "2016.01.19"]

1. d4 Nf6 2. c4 e6 3. Nc3 Bb4 4. e3 O-O 5. Bd3 c5 6. Nge2 d5 7. cxd5 exd5 8.
O-O Nc6 9. a3 cxd4 10. exd4 Bd6 11. f3 h6 12. Qe1 Ne7 13. g4 a6 14. Qf2 Nh7 15.
Bf4 Ng5 16. Kg2 b5 17. Bxd6 Qxd6 18. f4 Ne4 19. Nxe4 dxe4 20. Bxe4 Bxg4 21.
Bxa8 Rxa8 22. Ng3 Qd5+ 23. Kg1 Ng6 24. Rac1 Rd8 25. Rc5 Qxd4 26. Qxd4 Rxd4 27.
f5 Nh4 28. Rc2 Bh3 29. Rfc1 Nxf5 30. Rc8+ Kh7 31. Nxf5 Bxf5 32. Rf8 Be6 33. Rc2
a5 34. Rb8 Bc4 35. Rb7 a4 36. Kf2 Rd3 37. Ke1 Rh3 38. Rf2 g6 39. Kd2 Kg7 40.
Re7 Rb3 41. Kc2 h5 42. h4 Rg3 43. Rf4 Bb3+ 44. Kd2 Rg2+ 45. Re2 Rg3 46. Re3
Rg2+ 1/2-1/2

[Event "Oakham Young Masters"]
[Site "Oakham"]
[Date "1988.03.28"]
[Round "1.23"]
[White "Flear, Christine"]
[Black "Madl, Ildiko"]
[Result "1-0"]
[WhiteElo "2185"]
[BlackElo "2380"]
[PlyCount "135"]
[EventDate "1988.03.28"]
[EventType "swiss"]
[EventRounds "9"]
[EventCountry "ENG"]
[Source "John Saunders"]
[SourceDate "2016.01.19"]

1. d4 Nf6 2. c4 e6 3. g3 c5 4. Nf3 cxd4 5. Nxd4 Bb4+ 6. Bd2 Qb6 7. e3 Ne4 8.
Bg2 Nxd2 9. Nxd2 Nc6 10. N4f3 Be7 11. Rb1 d5 12. O-O O-O 13. b4 dxc4 14. Nxc4
Qc7 15. b5 Nb4 16. Qb3 e5 17. Nfxe5 Be6 18. a3 f6 19. Bh3 Qxe5 20. Nxe5 Bxb3
21. Rxb3 fxe5 22. axb4 Rad8 23. Rb2 Rf6 24. Ra1 Rb6 25. Bf1 a6 26. bxa6 bxa6
27. Rxa6 Rxb4 28. Rxb4 Bxb4 29. Bc4+ Kf8 30. Ra7 Be7 31. Kg2 Rd2 32. Kf3 Bf6
33. Ra2 Rxa2 34. Bxa2 g6 35. Ke4 Bg7 36. f4 exf4 37. gxf4 Bb2 38. Kf3 Bc1 39.
e4 Bd2 40. h3 Bc1 41. Kg4 Bd2 42. Bc4 Be3 43. h4 Bd2 44. h5 gxh5+ 45. Kf5 h4
46. Bf1 Ke7 47. e5 Bc1 48. Ke4 Bd2 49. f5 Bg5 50. Bh3 Kf7 51. Bg4 Ke7 52. Kd5
h6 53. Bh3 h5 54. Kc6 Bd2 55. f6+ Kf7 56. Kd7 Bb4 57. Bf1 Ba3 58. Bc4+ Kg6 59.
Be6 h3 60. Bxh3 Kf7 61. Be6+ Kf8 62. Bd5 Bb2 63. Ke6 h4 64. Kf5 h3 65. e6 Ba3
66. Kg4 h2 67. Kg3 Bd6+ 68. Kg2 1-0

[Event "Oakham Young Masters"]
[Site "Oakham"]
[Date "1988.03.28"]
[Round "1.24"]
[White "McDonald, Neil R"]
[Black "Szmigielska, Anna"]
[Result "1-0"]
[WhiteElo "2495"]
[BlackElo "2200"]
[PlyCount "51"]
[EventDate "1988.03.28"]
[EventType "swiss"]
[EventRounds "9"]
[EventCountry "ENG"]
[Source "John Saunders"]
[SourceDate "2016.01.19"]

1. Nf3 d5 2. g3 Nf6 3. Bg2 c6 4. c4 dxc4 5. Na3 Bf5 6. Nxc4 Nbd7 7. O-O Nb6 8.
Na5 Qc7 9. d3 Nbd7 10. Bd2 e5 11. Rc1 Be7 12. b4 a6 13. Qb3 Be6 14. Qb2 Nd5 15.
e4 N5b6 16. d4 exd4 17. Nxd4 Qe5 18. f4 Na4 19. Qa1 Qc7 20. f5 Bxa2 21. Qxa2
Qb6 22. Nab3 Bf6 23. Be3 Qxb4 24. Rfd1 Nc3 25. Qd2 c5 26. Rxc3 1-0

[Event "Oakham Young Masters"]
[Site "Oakham"]
[Date "1988.03.29"]
[Round "2.7"]
[White "Horvath, Csaba"]
[Black "Rossiter, Philip J"]
[Result "1-0"]
[WhiteElo "2445"]
[BlackElo "2330"]
[PlyCount "81"]
[EventDate "1988.03.28"]
[EventType "swiss"]
[EventRounds "9"]
[EventCountry "ENG"]
[Source "John Saunders"]
[SourceDate "2016.01.19"]

1. e4 c5 2. Nf3 e6 3. d4 cxd4 4. Nxd4 Nf6 5. Nc3 d6 6. Be3 Be7 7. f3 Nc6 8. Qd2
d5 9. Bb5 Bd7 10. exd5 Nxd5 11. Nxd5 exd5 12. Nb3 a6 13. Bxc6 Bxc6 14. O-O-O
O-O 15. Qa5 Qd7 16. Kb1 Rfe8 17. Bd4 Bb5 18. Qd2 Qf5 19. Bc3 Bc6 20. Nd4 Qg6
21. h4 Bf6 22. h5 Qg5 23. f4 Qg4 24. h6 Re4 25. Nxc6 bxc6 26. Bxf6 gxf6 27. Qc3
Re6 28. Rhf1 Rc8 29. Rxd5 Qe2 30. Qg3+ Kf8 31. Rdd1 Rce8 32. Qg7+ Ke7 33. Qxh7
Rd8 34. Rc1 Rd5 35. a3 Qxg2 36. Rfe1 Rdd6 37. Qf5 Rxe1 38. Rxe1+ Re6 39. Qc5+
Ke8 40. Rg1 Qh2 41. Rg8+ 1-0

[Event "Oakham Young Masters"]
[Site "Oakham"]
[Date "1988.03.30"]
[Round "3.14"]
[White "Thorhallsson, Throstur"]
[Black "Burgess, Mark R"]
[Result "1-0"]
[WhiteElo "2415"]
[BlackElo "2250"]
[PlyCount "69"]
[EventDate "1988.03.28"]
[EventType "swiss"]
[EventRounds "9"]
[EventCountry "ENG"]
[Source "John Saunders"]
[SourceDate "2016.01.19"]

1. d4 Nf6 2. c4 e6 3. Nc3 Bb4 4. e3 O-O 5. Bd3 c5 6. Nge2 d5 7. cxd5 exd5 8. a3
Bxc3+ 9. bxc3 c4 10. Bc2 Bg4 11. f3 Bh5 12. Ng3 Nbd7 13. O-O Bg6 14. e4 Qa5 15.
e5 Qxc3 16. Bxg6 Qxa1 17. Bc2 Nxe5 18. dxe5 Qxe5 19. Re1 Qc3 20. Ne2 Qa5 21.
Bb2 Rfe8 22. Bc3 Qxa3 23. Qd2 Qe7 24. Kf2 Qd6 25. Rd1 Rad8 26. Ng3 d4 27. Nf5
Qxh2 28. Qg5 Nh5 29. Nh6+ Kh8 30. Nxf7+ Kg8 31. Nh6+ Kh8 32. Rxd4 Rxd4 33. Bxd4
Qf4 34. Bxg7+ Nxg7 35. Qxf4 1-0

[Event "Oakham Young Masters"]
[Site "Oakham"]
[Date "1988.03.31"]
[Round "4.1"]
[White "Sokolov, Ivan"]
[Black "Brunner, Lucas"]
[Result "1-0"]
[WhiteElo "2545"]
[BlackElo "2415"]
[PlyCount "65"]
[EventDate "1988.03.28"]
[EventType "swiss"]
[EventRounds "9"]
[EventCountry "ENG"]
[Source "John Saunders"]
[SourceDate "2016.01.19"]

1. d4 Nf6 2. c4 e6 3. Nc3 Bb4 4. e3 O-O 5. Bd3 d5 6. cxd5 exd5 7. Nge2 c5 8. a3
cxd4 9. exd4 Bd6 10. O-O Nc6 11. Bc2 h6 12. Qd3 Re8 13. f3 Ne7 14. g4 Ng6 15.
Kh1 Bc7 16. Bd2 Qd6 17. Rf2 Bd7 18. Rg1 Qe6 19. g5 hxg5 20. Bxg5 Bc6 21. Rfg2
Kf8 22. Qd2 Qh3 23. Bxg6 fxg6 24. Bxf6 gxf6 25. Nf4 Qxf3 26. Nxg6+ Kf7 27. Nh4
Qh5 28. Rg7+ Kf8 29. Rxc7 Qxh4 30. Qg2 Qh8 31. Rg7 Qh5 32. Qg3 Rad8 33. Qf4 1-0

[Event "Oakham Young Masters"]
[Site "Oakham"]
[Date "1988.03.31"]
[Round "4.8"]
[White "Thorhallsson, Throstur"]
[Black "Plaskett, Jim"]
[Result "0-1"]
[WhiteElo "2415"]
[BlackElo "2465"]
[PlyCount "56"]
[EventDate "1988.03.28"]
[EventType "swiss"]
[EventRounds "9"]
[EventCountry "ENG"]
[Source "John Saunders"]
[SourceDate "2016.01.19"]

1. d4 Nf6 2. c4 e6 3. Nc3 Bb4 4. e3 c5 5. Bd3 Nc6 6. Nge2 d5 7. O-O dxc4 8.
Bxc4 O-O 9. a3 Bxc3 10. bxc3 e5 11. a4 Re8 12. Rb1 Qc7 13. f3 Rd8 14. Qe1 exd4
15. exd4 cxd4 16. Bf4 Qa5 17. Qh4 d3 18. Rb5 Qxa4 19. Rg5 Qxc4 20. Rxg7+ Kf8
21. Nd4 Rxd4 22. Qxf6 Rxf4 23. Qg5 Ne7 24. Rxh7 Ke8 25. Rh8+ Kd7 26. Re1 Nc6
27. Rhe8 d2 28. R1e7+ Nxe7 {time} 0-1

[Event "Oakham Young Masters"]
[Site "Oakham"]
[Date "1988.04.01"]
[Round "5.23"]
[White "Buckley, Graeme"]
[Black "Quillan, Gary"]
[Result "0-1"]
[WhiteElo "2200"]
[BlackElo "2275"]
[PlyCount "88"]
[EventDate "1988.03.28"]
[EventType "swiss"]
[EventRounds "9"]
[EventCountry "ENG"]
[Source "John Saunders"]
[SourceDate "2016.01.19"]

1. d4 Nf6 2. c4 c5 3. d5 e6 4. Nc3 exd5 5. cxd5 d6 6. e4 g6 7. f4 Bg7 8. Nf3
O-O 9. Be2 Bg4 10. O-O Nbd7 11. Nd2 Bxe2 12. Qxe2 Re8 13. Qf3 a6 14. a4 b6 15.
Ra3 Rb8 16. Qe2 c4 17. Qxc4 b5 18. axb5 axb5 19. Nxb5 Qb6+ 20. Nd4 Nxe4 21.
N2f3 Rbc8 22. Qa4 Rxc1 23. Rxc1 Qxb2 24. Rca1 Rc8 25. Qd1 Nf2 26. Qf1 Ng4 27.
Rd3 Nc5 28. Rc1 Ra8 29. Rdc3 Ra4 30. Qd1 Bxd4+ 31. Nxd4 Qf2+ 32. Kh1 Qxd4 33.
Qxd4 Rxd4 34. h3 Nf2+ 35. Kg1 Nfe4 36. Ra3 Rxd5 37. Ra7 Rf5 38. Rf1 Ne6 39. Ra4
N4c5 40. Rb4 Rd5 41. Ra1 Rd2 42. g4 Nd4 43. Ra5 Kg7 44. Rb8 Nd3 0-1

[Event "Oakham Young Masters"]
[Site "Oakham"]
[Date "1988.04.04"]
[Round "8.14"]
[White "Anagnostopoulos, Dimitrios"]
[Black "Rossiter, Philip J"]
[Result "1-0"]
[WhiteElo "2340"]
[BlackElo "2330"]
[PlyCount "79"]
[EventDate "1988.03.28"]
[EventType "swiss"]
[EventRounds "9"]
[EventCountry "ENG"]
[Source "John Saunders"]
[SourceDate "2016.01.19"]

1. e4 c5 2. Nf3 e6 3. c3 d5 4. exd5 exd5 5. d4 Nc6 6. Bb5 Bd6 7. dxc5 Bxc5 8.
O-O Nge7 9. Nbd2 O-O 10. Nb3 Bb6 11. Re1 Bg4 12. Be3 Qd6 13. Bxb6 axb6 14. Be2
Bxf3 15. Bxf3 Rfd8 16. g3 Qf6 17. Qe2 g6 18. Bg2 Kf8 19. a3 Rd6 20. Qb5 Ne5 21.
Nd4 Rad8 22. Rad1 Nf5 23. Qb4 Kg8 24. Nb5 R6d7 25. Qf4 Re7 26. Rf1 g5 27. Qc1
Red7 28. f4 Ng4 29. fxg5 Qe6 30. Rde1 Qc6 31. Rxf5 Qxb5 32. Qf4 Qc4 33. h3 Re7
34. Rxe7 Qc5+ 35. Kh1 Qxe7 36. Qxg4 d4 37. cxd4 Rc8 38. Rf1 Rc2 39. Qf5 Re2 40.
Bd5 1-0

[Event "Oakham Young Masters"]
[Site "Oakham"]
[Date "1988.04.04"]
[Round "8.17"]
[White "Stefansson, Hannes"]
[Black "Brenninkmeijer, Joris"]
[Result "0-1"]
[WhiteElo "2395"]
[BlackElo "2385"]
[PlyCount "54"]
[EventDate "1988.03.28"]
[EventType "swiss"]
[EventRounds "9"]
[EventCountry "ENG"]
[Source "John Saunders"]
[SourceDate "2016.01.19"]

1. d4 Nf6 2. c4 e6 3. Nc3 Bb4 4. e3 c5 5. Bd3 Nc6 6. Nge2 cxd4 7. exd4 d5 8. a3
dxc4 9. Bxc4 Bd6 10. Bg5 O-O 11. Qc2 h6 12. Bh4 g5 13. Bg3 Bxg3 14. hxg3 Nxd4
15. Nxd4 Qxd4 16. Qe2 Kg7 17. Bd3 Bd7 18. O-O-O Bc6 19. f4 gxf4 20. gxf4 Qxf4+
21. Kb1 Rad8 22. Ka1 Rd4 23. Rh3 Rfd8 24. Qe1 Qg5 25. Be2 Rxd1+ 26. Bxd1 Qc1+
27. Ka2 Rd2 0-1

[Event "Oakham Young Masters"]
[Site "Oakham"]
[Date "1988.04.04"]
[Round "8.22"]
[White "Trabert, Bettina"]
[Black "Bellini, Fabio"]
[Result "1/2-1/2"]
[WhiteElo "2230"]
[BlackElo "2300"]
[PlyCount "45"]
[EventDate "1988.03.28"]
[EventType "swiss"]
[EventRounds "9"]
[EventCountry "ENG"]
[Source "John Saunders"]
[SourceDate "2016.01.19"]

1. e4 c5 2. c3 e6 3. d4 d5 4. exd5 exd5 5. Nf3 Nc6 6. Bb5 Bd6 7. O-O Nge7 8.
dxc5 Bxc5 9. Nbd2 O-O 10. Nb3 Bd6 11. Nbd4 a6 12. Bd3 h6 13. Bc2 Ng6 14. Nf5
Bc7 15. N3d4 Qf6 16. Be3 Re8 17. Qh5 Nxd4 18. Bxd4 Be5 19. Be3 Nf4 20. Bxf4
Bxf4 21. Rfe1 Bxf5 22. Qxf5 Qxf5 23. Bxf5 1/2-1/2